MARC

LEADER 00000nam0a2200000 4500
001 284494
005 20231101235712.0
035 |a (RuTPU)RU\TPU\book\308663 
090 |a 284494 
100 |a 20150216d1984 k y0rusy50 ca 
101 0 |a rus 
102 |a UZ 
105 |a a z 001zy 
200 1 |a Обогащение и металлургическая переработка полиметаллического сырья  |e сборник научных трудов  |f Среднеазиатский научно-исследовательский и проектный институт цветной металлургии ; под ред. Р. Ф. Фазылова 
210 |a Ташкент  |c Изд-во Средазнипроцветмета  |d 1984 
215 |a 128 с.  |c ил. 
320 |a Библиография в конце статей 
606 1 |a Обогащение  |x Горное дело  |2 stltpush  |3 (RuTPU)RU\TPU\subj\46453  |9 65593 
606 1 |a Полиметаллические руды  |x Использование комплексное  |x Технико-экономические показатели  |2 stltpush  |3 (RuTPU)RU\TPU\subj\50409  |9 69090 
610 1 |a переработка 
610 1 |a вольфрамовые руды 
610 1 |a молибденовые руды 
610 1 |a ртутно-сурьмяные руды 
610 1 |a металлические отходы 
610 1 |a утилизация 
610 1 |a электролиты 
610 1 |a пульпы 
610 1 |a осаждение 
610 1 |a реагенты 
610 1 |a влияние 
610 1 |a выщелачивание 
610 1 |a возгонка 
610 1 |a огарки 
610 1 |a охлаждение 
610 1 |a гидрометаллургические технологии 
610 1 |a флотоконцентраты 
675 |a 622.7  |v 3 
675 |a 669.2.052  |v 3 
702 1 |a Фазылов  |b Р. Ф.  |4 340 
712 0 2 |a Среднеазиатский научно-исследовательский и проектный институт цветной металлургии  |2 stltpush  |3 (RuTPU)RU\TPU\col\9976  |9 24776 
801 1 |a RU  |b 63413507  |c 20150216 
801 2 |a RU  |b 63413507  |c 20171026  |g RCR 
942 |c BK